00330pam a2200121 a 4500020002300000041000800023082001300031100002400044245006200068260004600130300000900176653002300185 a978-0-09959008-8c aeng a658bHAR aHarari, YUval Noah. aSapiens (A Brief History of Humankind)hTextual Documents aLondon:bVintage,20 vauxhall bridge road. a498. aGeneral Management